header

A History of philosophy (Record no. 226053)

MARC details
000 -LEADER
fixed length control field 01092nam a2200289Ia 4500
100 1# - MAIN ENTRY--AUTHOR NAME
Personal name Webb, Clement Charles Julian,
245 12 - TITLE STATEMENT
Title A History of philosophy
260 ## - PUBLICATION, DISTRIBUTION, ETC. (IMPRINT)
Place of publication Kitchener, Ont. :
Name of publisher Batoche,
Year of publication 2001.
300 ## - PHYSICAL DESCRIPTION
Number of Pages 128 p.
500 ## - GENERAL NOTE
General note Notes : 128.
General note Originally published : New York : [s.n.], 1915.
650 #0 - SUBJECT ADDED ENTRY--TOPICAL TERM
Topical Term Philosophy
Topical Term History.
856 40 - ELECTRONIC LOCATION AND ACCESS
Uniform Resource Identifier http://site.ebrary.com/lib/rucke/Doc?id=2004660

No items available.

© 2026 Rongo University
Contact us: librarian | system librarian | Rongo university